00288nam a2200121Ia 450000500170000000800410001704100080005810000220006624500420008825000080013026000200013830000080015820251013221652.0251010s9999 xx 000 0 und d aeng aKrishnamurthy, Y. aPosthumous Papers Of The Pickwde Club a1st bMacmillanc1996 a204